Guía de inspección para disminuir los defectos de construcción con mayor incidencia en proyectos habitacionales

Gespeichert in:
Bibliographische Detailangaben
1. Verfasser: Alpízar García, Héctor, 1987-
Weitere Verfasser: Anglin Fonseca, Robert Anthony, 1967- Director del TFG
Format: Buch
Sprache:Spanish
Veröffentlicht: [San José], Costa Rica, 2021
Schlagworte:
Tags: Tag hinzufügen
Keine Tags, Fügen Sie den ersten Tag hinzu!

MARC

LEADER 00000nam a2200000Ia 4500
003 013375
005 20230328101641.0
008 140121s2021 cr a 000 ||spa d
040 |c cru CEDI 
100 |a Alpízar García, Héctor, 1987-  |9 111 
245 |a Guía de inspección para disminuir los defectos de construcción con mayor incidencia en proyectos habitacionales  
260 |a  [San José], Costa Rica,   |c 2021 
500 |a Proyecto de graduación (licenciatura en ingeniería civil)--Universidad de Costa Rica. Facultad de Ingeniería. Escuela de Ingeniería Civil 
501 |a Director de Proyecto de Graduación: Ing. Robert Anglin Fonseca, M.Sc. 
650 |x CONSTRUCCION - DEFECTOS  |x CONSTRUCCION - INSPECCION - GUIAS  
700 |9 89  |a Anglin Fonseca, Robert Anthony, 1967-  |d Director del TFG 
942 |c CEDI  |h TFG 8526  |6 TFG_8526_000000000000000 
999 |c 21877  |d 21877